| 000 | 02724nma a22002777a 4500 | ||
|---|---|---|---|
| 005 | 20210325194740.0 | ||
| 006 | g q || | ||
| 008 | s2547 th tha d | ||
| 041 | _atha | ||
| 090 | _aCD667 | ||
| 100 | 0 | _aเจ้าพระยาทิพากรวงศมหาโกษาธิบดี (ขำ บุนนาค) | |
| 110 | 0 | _aคณะกรรมการอำนวยการจัดงานเฉลิมพระเกียรติ พระบาทสมเด็จพระจอมเกล้าเจ้าอยู่หัว | |
| 245 | 1 | 0 | _aพระราชพงศาวดารกรุงรัตนโกสินทร์ รัชกาลที่ 4 ของเจ้าพระยาทิพากรวงศมหาโกษาธิบดี [CD-ROM] |
| 260 | 3 |
_aกรุงเทพฯ : _bคณะกรรมการอำนวยการจัดงานเฉลิมพระเกียรติพระบาทสมเด็จพระจอมเกล้าเจ้าอยู่หัว, _c2547 |
|
| 300 | _a1 แผ่นsd., col. | ||
| 610 | _aคณะกรรมการอำนวยการจัดงานเฉลิมพระเกียรติ พระบาทสมเด็จพระจอมเกล้าเจ้าอยู่หัว | ||
| 650 | 0 | 4 | _aจอมเกล้าเจ้าอยู่หัว, พระบาทสมเด็จพระ -- พระราชกรณียกิจ |
| 650 | 0 | 4 | _aจอมเกล้าเจ้าอยู่หัว, พระบาทสมเด็จพระ -- พระราชประวัติ |
| 650 | 0 | 4 | _aทิพากรวงศมหาโกษาธิบดี, เจ้าพระยา (ขำ บุนนาค) |
| 650 | 0 | 4 | _aไทย -- ประวัติศาสตร์ -- กรุงรัตนโกสินทร์, รัชกาลที่ 4 |
| 650 | 0 | 4 | _aไทย -- ประวัติศาสตร์ -- กรุงรัตนโกสินทร์, รัชกาลที่ 4ทิพากรวงศมหาโกษาธิบดี, เจ้าพระยา (ขำ บุนนาค)จอมเกล้าเจ้าอยู่หัว, พระบาทสมเด็จพระ -- พระราชประวัติจอมเกล้าเจ้าอยู่หัว, พระบาทสมเด็จพระ -- พระราชกรณียกิจ |
| 850 | _aNALT | ||
| 942 | _cCD | ||
| 997 |
_c000000000045144 _kVC |
||
| 998 | _aน.ส.อรอุษา โอภาสมงคลชัย | ||
| 999 |
_c45144 _d45144 |
||